00519 2200193 4500001002100000005001500021035002000036007000300056008004100059020002200100082000800122084001400130100001900144245006300163250000600226260003600232300003800268650001900306INLIS00000000000202120260212124955 a0010-0226000031ta260212 g 0 ind  a979-979-994-363-6 a413 a413 MUH k0 aMuhammad Ilyas1 aKamus 3 Bahasa :bArab-Inggris-Indonesia /cMuhammad Ilyas a- aKarangayar :bLingkar Media,c- a128 hlm. :bilus. ;c16.5 x 24 cm aKamus 3 Bahasa